<?xml version="1.0" encoding="UTF-8"?>
<record
    xmlns:xsi="http://www.w3.org/2001/XMLSchema-instance"
    xsi:schemaLocation="http://www.loc.gov/MARC21/slim http://www.loc.gov/standards/marcxml/schema/MARC21slim.xsd"
    xmlns="http://www.loc.gov/MARC21/slim">

  <leader>00950nam a22001817a 4500</leader>
  <controlfield tag="005">20230817125721.0</controlfield>
  <controlfield tag="008">230817b        |||||||| |||| 00| 0 eng d</controlfield>
  <datafield tag="020" ind1=" " ind2=" ">
    <subfield code="a">                                                                                                                                                                                                                                  9788415 492566                                                                                                                                     </subfield>
  </datafield>
  <datafield tag="041" ind1=" " ind2=" ">
    <subfield code="a">eng</subfield>
  </datafield>
  <datafield tag="082" ind1=" " ind2=" ">
    <subfield code="2">2013</subfield>
    <subfield code="a">712.3</subfield>
    <subfield code="b">KRA</subfield>
  </datafield>
  <datafield tag="100" ind1=" " ind2=" ">
    <subfield code="a">Krauel J</subfield>
    <subfield code="9">204341</subfield>
  </datafield>
  <datafield tag="245" ind1=" " ind2=" ">
    <subfield code="a">Landscape Architecture : New Points Of View</subfield>
  </datafield>
  <datafield tag="260" ind1=" " ind2=" ">
    <subfield code="a">Barcelona </subfield>
    <subfield code="b">Linksbooks</subfield>
    <subfield code="c">2013</subfield>
  </datafield>
  <datafield tag="300" ind1=" " ind2=" ">
    <subfield code="a">36 0p</subfield>
    <subfield code="b">Hb</subfield>
    <subfield code="c"> 29 x 25</subfield>
  </datafield>
  <datafield tag="365" ind1=" " ind2=" ">
    <subfield code="a">INR</subfield>
    <subfield code="b">2929,56</subfield>
    <subfield code="c">Rupaye</subfield>
  </datafield>
  <datafield tag="500" ind1=" " ind2=" ">
    <subfield code="a">Johannes Schneider ArchitectsBDA
Alice Studio At The Ecole Polytechnique Federale
Observatorium
Manual Fonseca Gallego</subfield>
  </datafield>
  <datafield tag="942" ind1=" " ind2=" ">
    <subfield code="c">BK</subfield>
  </datafield>
  <datafield tag="999" ind1=" " ind2=" ">
    <subfield code="c">355812</subfield>
    <subfield code="d">355812</subfield>
  </datafield>
  <datafield tag="952" ind1=" " ind2=" ">
    <subfield code="0">0</subfield>
    <subfield code="1">0</subfield>
    <subfield code="2">ddc</subfield>
    <subfield code="4">0</subfield>
    <subfield code="7">0</subfield>
    <subfield code="a">BNCA</subfield>
    <subfield code="b">BNCA</subfield>
    <subfield code="d">2023-08-17</subfield>
    <subfield code="e">Word Book Shop</subfield>
    <subfield code="f">Landscape </subfield>
    <subfield code="g">2929.56</subfield>
    <subfield code="i">804</subfield>
    <subfield code="l">1</subfield>
    <subfield code="m">1</subfield>
    <subfield code="o">712.3 KRA</subfield>
    <subfield code="p">BNCA-BK-12266</subfield>
    <subfield code="r">2024-07-22 00:00:00</subfield>
    <subfield code="s">2024-07-11</subfield>
    <subfield code="t">37%</subfield>
    <subfield code="v">4650.10</subfield>
    <subfield code="w">2023-08-17</subfield>
    <subfield code="y">RF</subfield>
    <subfield code="z">BK12266</subfield>
  </datafield>
</record>
